000 00419nam a2200157Ia 4500
008 230718s9999 xx 000 0 und d
041 _aeng
082 _a658
_bKAS
100 _aKashyap C.S.
_9121214
245 _a100 Best Parliamentary Speeches 1947-97
260 _c1998
_bHarper And Rao
300 _a1025
365 _cRs.
_b795.00
700 _aKashyap C.S.
_9121214
906 _dB:214918-Oct-2001
_cMGMT
_b119.25
999 _c302408
_d302408